[Event "Titled Tuesday intern op 08th Feb Late"]
[Site "Chess.com INT"]
[Date "2022.02.08"]
[Round "6"]
[White "Mogranzini, Roberto"]
[Black "Punin, Andrii"]
[Result "0-1"]
[WhiteElo "2459"]
[BlackElo "2289"]
[PlyCount "130"]
[EventDate "2022.02.08"]
[EventType "swiss (blitz)"]
[EventRounds "11"]
[EventCountry "USA"]
[SourceTitle "CBM 206 Extra"]
[Source "ChessBase"]
[SourceDate "2022.03.31"]
[SourceVersion "1"]
[SourceVersionDate "2022.03.31"]
[SourceQuality "1"]

1. e4 c6 2. Nf3 d5 3. d3 dxe4 4. Ng5 Nf6 5. Nc3 Bg4 6. Qd2 exd3 7. Bxd3 e6 8. f3 Bf5 9. Bxf5 Qxd2+ 10. Bxd2 exf5 11. 0-0-0 Be7 12. Rhe1 Kf8 13. Bf4 Nbd7 14. Rxe7 Kxe7 15. Bd6+ Ke8 16. Re1+ Ne4 17. fxe4 f4 18. e5 Nf8 19. Bxf8 Kxf8 20. e6 fxe6 21. Nxe6+ Kf7 22. Nxf4 g5 23. Nd3 Rae8 24. Ne4 Kg6 25. Kd2 Rhf8 26. Nd6 Rxe1 27. Kxe1 b6 28. Ne5+ Kh6 29. Nxc6 Rf6 30. Nd4 Kg6 31. N6f5 b5 32. g4 b4 33. Kd2 Ra6 34. b3 Rxa2 35. Kd3 Ra1 36. h4 gxh4 37. Nxh4+ Kg5 38. Ng2 Kxg4 39. Ne3+ Kg5 40. Nd5 a5 41. Ne6+ Kf5 42. Nd4+ Ke5 43. Ne3 h5 44. Nc4+ Kf4 45. Nc6 h4 46. Nd4 h3 47. Ne2+ Kf3 48. Ne5+ Kf2 49. Ng4+ Ke1 50. Nf4 Rd1+ 51. Kc4 Rc1 52. Nxh3 Rxc2+ 53. Kb5 Rb2 54. Kxa5 Rxb3 55. Nf4 Rc3 56. Nd5 Rc5+ 57. Kxb4 Rxd5 58. Ne3 Rd3 59. Nc4 Ke2 60. Ne5 Rd5 61. Nc4 Kd3 62. Nb2+ Kd4 63. Kb3 Rb5+ 64. Kc2 Rb8 65. Kd2 Rxb2+ 0-1

[Event "Titled Tuesday intern op 08th Feb Late"]
[Site "Chess.com INT"]
[Date "2022.02.08"]
[Round "5"]
[White "Punin, Andrii"]
[Black "Jobava, Baadur"]
[Result "0-1"]
[WhiteElo "2289"]
[BlackElo "2588"]
[PlyCount "68"]
[EventDate "2022.02.08"]
[EventType "swiss (blitz)"]
[EventRounds "11"]
[EventCountry "USA"]
[SourceTitle "CBM 206 Extra"]
[Source "ChessBase"]
[SourceDate "2022.03.31"]
[SourceVersion "1"]
[SourceVersionDate "2022.03.31"]
[SourceQuality "1"]

1. e4 c6 2. Nc3 d5 3. Nf3 Bg4 4. h3 Bxf3 5. Qxf3 e6 6. Be2 Nd7 7. d4 g6 8. 0-0 h5 9. exd5 cxd5 10. Bb5 Bg7 11. Ne2 Ne7 12. c3 0-0 13. Bf4 Nf6 14. Bd3 Nf5 15. Ng3 Re8 16. Be5 Nh4 17. Qf4 Nd7 18. Bxg7 Kxg7 19. Rae1 Qf6 20. Qd2 e5 21. dxe5 Nxe5 22. Be2 Rad8 23. Kh1 Nc4 24. Bxc4 dxc4 25. Qc2 Qc6 26. f3 Qc7 27. Ne4 Nf5 28. Qf2 b6 29. Kg1 h4 30. Re2 Ng3 31. Rfe1 Nxe2+ 32. Rxe2 Rd1+ 33. Re1 Rxe1+ 34. Qxe1 f5 0-1

[Event "Titled Tuesday intern op 01st Feb-B"]
[Site "Chess.com INT"]
[Date "2022.02.02"]
[Round "10"]
[White "Meduri, Aakaash"]
[Black "Punin, Andrii"]
[Result "0-1"]
[WhiteElo "2000"]
[BlackElo "2289"]
[PlyCount "36"]
[EventDate "2022.02.02"]
[EventType "swiss (blitz)"]
[EventRounds "11"]
[EventCountry "USA"]
[SourceTitle "CBM 206 Extra"]
[Source "ChessBase"]
[SourceDate "2022.03.31"]
[SourceVersion "1"]
[SourceVersionDate "2022.03.31"]
[SourceQuality "1"]

1. d4 Nf6 2. Nf3 d5 3. c4 e6 4. g3 dxc4 5. Bg2 c6 6. 0-0 b5 7. a4 a6 8. Qc2 Bb7 9. Rd1 Be7 10. Bg5 0-0 11. Nbd2 Nfd7 12. Bxe7 Qxe7 13. e4 c5 14. axb5 axb5 15. Rxa8 Bxa8 16. Ra1 Nc6 17. b3 Nxd4 18. bxc4 Nxc2 0-1

[Event "Titled Tuesday intern op 01st Feb-B"]
[Site "Chess.com INT"]
[Date "2022.02.02"]
[Round "9"]
[White "Punin, Andrii"]
[Black "Jarocka, Liwia"]
[Result "1/2-1/2"]
[WhiteElo "2289"]
[BlackElo "2006"]
[PlyCount "127"]
[EventDate "2022.02.02"]
[EventType "swiss (blitz)"]
[EventRounds "11"]
[EventCountry "USA"]
[SourceTitle "CBM 206 Extra"]
[Source "ChessBase"]
[SourceDate "2022.03.31"]
[SourceVersion "1"]
[SourceVersionDate "2022.03.31"]
[SourceQuality "1"]

1. e4 c6 2. Nf3 d5 3. Nc3 dxe4 4. Nxe4 Nf6 5. Qe2 Nxe4 6. Qxe4 Qd5 7. Qf4 Nd7 8. Bc4 Qh5 9. d4 e6 10. 0-0 Be7 11. Re1 0-0 12. Qg3 Qg6 13. Bd3 Qxg3 14. hxg3 b6 15. Ng5 h6 16. Nf3 Bb7 17. Be4 Nf6 18. Bd3 c5 19. dxc5 Bxf3 20. gxf3 Bxc5 21. Kg2 Rac8 22. Bd2 Rfd8 23. a3 Nd5 24. Rad1 Be7 25. Bc1 Bf6 26. Be4 a5 27. f4 Ne7 28. Rxd8+ Rxd8 29. c4 Rd4 30. b3 Rd8 31. Be3 Nc8 32. c5 bxc5 33. Bxc5 Be7 34. Rc1 Bxc5 35. Rxc5 Nd6 36. Bf3 Rb8 37. Rxa5 Rxb3 38. Ra8+ Kh7 39. a4 Ra3 40. a5 Nc4 41. a6 Nd6 42. Bb7 Nb5 43. Rf8 f5 44. Re8 Nc7 45. Re7 Nxa6 46. Rxe6 Nc5 47. Rb6 Nxb7 48. Rxb7 Ra5 49. Rb6 Rc5 50. Rd6 h5 51. Re6 g6 52. Rd6 Kh6 53. Rd7 Rc2 54. Re7 Rb2 55. Kg1 Ra2 56. Kg2 Rb2 57. Rd7 Rb4 58. Rc7 h4 59. gxh4 Rxf4 60. Kg3 Rg4+ 61. Kh3 Rf4 62. Kg3 Rg4+ 63. Kh3 Rf4 64. Kg3 1/2-1/2

[Event "Titled Tuesday intern op 25th Jan"]
[Site "Chess.com INT"]
[Date "2022.01.25"]
[Round "7"]
[White "Kravtsiv, Martyn"]
[Black "Punin, Andrii"]
[Result "1-0"]
[WhiteElo "2598"]
[BlackElo "2289"]
[PlyCount "73"]
[EventDate "2022.01.25"]
[EventType "swiss (blitz)"]
[EventRounds "11"]
[EventCountry "USA"]
[SourceTitle "CBM 206 Extra"]
[Source "ChessBase"]
[SourceDate "2022.03.31"]
[SourceVersion "1"]
[SourceVersionDate "2022.03.31"]
[SourceQuality "1"]

1. e4 c6 2. Nf3 d5 3. d3 Qc7 4. Nc3 dxe4 5. Nxe4 Bg4 6. h3 Bh5 7. Qe2 Nf6 8. Nxf6+ gxf6 9. Bd2 Nd7 10. 0-0-0 Ne5 11. g4 Nxf3 12. Qxf3 Bg6 13. h4 h5 14. Bh3 Bh6 15. Bxh6 Rxh6 16. Rde1 Qd6 17. g5 fxg5 18. hxg5 Rh8 19. Re3 Kf8 20. Rhe1 Re8 21. Re5 Kg7 22. Qe3 e6 23. f4 Ref8 24. a3 a6 25. Qb6 Rb8 26. Kb1 h4 27. Bxe6 fxe6 28. Rxe6 Qxf4 29. Re7+ Bf7 30. Qg1 Kg6 31. Rf1 Qg3 32. Qd4 Bd5 33. Rg1 Qf3 34. Qg7+ Kh5 35. g6 Rbg8 36. Qh7+ Rxh7 37. Rxh7# 1-0

[Event "Titled Tuesday intern op 25th Jan"]
[Site "Chess.com INT"]
[Date "2022.01.25"]
[Round "4"]
[White "Pajeken, Jakob Leon"]
[Black "Punin, Andrii"]
[Result "1/2-1/2"]
[WhiteElo "2359"]
[BlackElo "2289"]
[PlyCount "87"]
[EventDate "2022.01.25"]
[EventType "swiss (blitz)"]
[EventRounds "11"]
[EventCountry "USA"]
[SourceTitle "CBM 206 Extra"]
[Source "ChessBase"]
[SourceDate "2022.03.31"]
[SourceVersion "1"]
[SourceVersionDate "2022.03.31"]
[SourceQuality "1"]

1. d4 Nf6 2. Nf3 d5 3. c4 e6 4. Bf4 Bb4+ 5. Nbd2 dxc4 6. e3 0-0 7. Bxc4 c5 8. a3 Bxd2+ 9. Qxd2 cxd4 10. exd4 Nd5 11. Bg5 Qd6 12. 0-0 b6 13. Bh4 Ba6 14. Bg3 Qd8 15. Bxd5 Qxd5 16. Rfe1 Nd7 17. Ne5 Bb7 18. f3 Rac8 19. Re4 Nxe5 20. Rxe5 Qd7 21. Rd1 f6 22. Rh5 Qf7 23. Rb5 Qg6 24. Qe2 Rfe8 25. Rb4 Qc2 26. Rd2 Qb1+ 27. Kf2 Bd5 28. a4 Rc1 29. Qb5 Bc6 30. Qe2 Rh1 31. Ke3 Bd5 32. Qb5 Kf7 33. Bd6 Qg1+ 34. Kd3 Rd8 35. Bc7 Qf1+ 36. Re2 Qd1+ 37. Rd2 Qb1+ 38. Ke3 Re8 39. Bd6 Qe1+ 40. Kd3 Qf1+ 41. Re2 Rd8 42. Bc7 Re8 43. Bd6 Rd8 44. Bc7 1/2-1/2

[Event "Titled Tuesday intern op 25th Jan"]
[Site "Chess.com INT"]
[Date "2022.01.25"]
[Round "3"]
[White "Punin, Andrii"]
[Black "Okike, David"]
[Result "1-0"]
[WhiteElo "2289"]
[BlackElo "2167"]
[PlyCount "77"]
[EventDate "2022.01.25"]
[EventType "swiss (blitz)"]
[EventRounds "11"]
[EventCountry "USA"]
[SourceTitle "CBM 206 Extra"]
[Source "ChessBase"]
[SourceDate "2022.03.31"]
[SourceVersion "1"]
[SourceVersionDate "2022.03.31"]
[SourceQuality "1"]

1. e4 c5 2. Be2 Nc6 3. f4 g6 4. Nf3 Bg7 5. c3 d5 6. d3 Nf6 7. e5 Nd7 8. d4 e6 9. 0-0 0-0 10. Be3 b6 11. a4 a6 12. Bf2 f6 13. Bh4 Qc7 14. Bg3 fxe5 15. fxe5 Ne7 16. Qd2 Nf5 17. Bf4 Nb8 18. g4 Ne7 19. Bh6 Nbc6 20. Na3 Bd7 21. Bxg7 Kxg7 22. Ng5 cxd4 23. cxd4 Na5 24. Rac1 Qb7 25. Qe3 h6 26. Nh3 Bxa4 27. Rf6 Bd7 28. Rcf1 Ng8 29. g5 h5 30. Bd3 Ne7 31. Nf4 Nf5 32. Rxg6+ Kf7 33. Bxf5 exf5 34. e6+ Ke8 35. exd7+ Kd8 36. Ne6+ Kxd7 37. Rg7+ Kc6 38. Rc1+ Nc4 39. Rxb7 1-0

[Event "Titled Tuesday intern op 25th Jan"]
[Site "Chess.com INT"]
[Date "2022.01.25"]
[Round "1"]
[White "Punin, Andrii"]
[Black "Selbes, Tarik"]
[Result "0-1"]
[WhiteElo "2289"]
[BlackElo "2287"]
[PlyCount "96"]
[EventDate "2022.01.25"]
[EventType "swiss (blitz)"]
[EventRounds "11"]
[EventCountry "USA"]
[SourceTitle "CBM 206 Extra"]
[Source "ChessBase"]
[SourceDate "2022.03.31"]
[SourceVersion "1"]
[SourceVersionDate "2022.03.31"]
[SourceQuality "1"]

1. e4 d6 2. d4 Nf6 3. Nc3 g6 4. Bg5 Bg7 5. Qd2 h6 6. Bh4 Nc6 7. f4 a6 8. 0-0-0 Bg4 9. Be2 Bxe2 10. Ngxe2 0-0 11. e5 dxe5 12. dxe5 Qxd2+ 13. Rxd2 Ng4 14. Nd5 g5 15. fxg5 Ngxe5 16. Nxc7 Rac8 17. Nd5 Nc4 18. Nec3 Nxd2 19. Kxd2 Rfd8 20. Kc1 b5 21. a3 a5 22. Nb6 Rd4 23. Bf2 Rg4 24. gxh6 Bxh6+ 25. Kb1 Rxg2 26. Nxc8 Rxf2 27. Nxb5 Kf8 28. h4 Ne5 29. h5 Nc4 30. Rd1 Kg7 31. Nd4 Bg5 32. Na7 Bf6 33. Nac6 a4 34. Rg1+ Kh6 35. Rh1 e5 36. Nb5 Ne3 37. c3 Nc4 38. Nc7 Rxb2+ 39. Ka1 e4 40. Nd5 Bh8 41. Nd4 Rg2 42. Nf4 Rf2 43. Nfe2 f5 44. Ng3 f4 45. Nxe4 Rg2 46. Nf5+ Kh7 47. Rd1 Ne3 48. Rd7+ Bg7 0-1

[Event "Titled Tuesday intern op 18th Jan"]
[Site "Chess.com INT"]
[Date "2022.01.18"]
[Round "10"]
[White "Punin, Andrii"]
[Black "Hirneise, Jens"]
[Result "1-0"]
[WhiteElo "2289"]
[BlackElo "2327"]
[PlyCount "89"]
[EventDate "2022.01.18"]
[EventType "swiss (blitz)"]
[EventRounds "11"]
[EventCountry "USA"]
[SourceTitle "CBM 206 Extra"]
[Source "ChessBase"]
[SourceDate "2022.03.31"]
[SourceVersion "1"]
[SourceVersionDate "2022.03.31"]
[SourceQuality "1"]

1. e4 e5 2. Nf3 Nf6 3. Nc3 Nc6 4. d4 exd4 5. Nxd4 Bb4 6. Nxc6 dxc6 7. Qxd8+ Kxd8 8. Bd2 Re8 9. f3 Be6 10. 0-0-0 Kc8 11. a3 Be7 12. Ne2 c5 13. Nf4 Bd6 14. Nxe6 Rxe6 15. Bc4 Re7 16. Bc3 a6 17. g3 b5 18. Bd5 Nxd5 19. Rxd5 f6 20. g4 Kb7 21. h4 Rf8 22. h5 Kc6 23. Kd1 h6 24. Ke2 Be5 25. Bxe5 Rxe5 26. Rxe5 fxe5 27. Rd1 Re8 28. Ke3 Re7 29. f4 exf4+ 30. Kxf4 a5 31. e5 Rf7+ 32. Ke3 a4 33. Rd2 b4 34. Ke4 bxa3 35. bxa3 Kb5 36. e6 Re7 37. Kf5 Kc6 38. c4 Re8 39. Rd7 Rf8+ 40. Ke5 Rg8 41. Rf7 g6 42. hxg6 Rxg6 43. Rf8 Rxg4 44. e7 Rg1 45. e8Q+ 1-0

[Event "Titled Tuesday intern op 18th Jan"]
[Site "Chess.com INT"]
[Date "2022.01.18"]
[Round "8"]
[White "Punin, Andrii"]
[Black "Kanyamarala, Tarun"]
[Result "0-1"]
[WhiteElo "2289"]
[BlackElo "2398"]
[PlyCount "108"]
[EventDate "2022.01.18"]
[EventType "swiss (blitz)"]
[EventRounds "11"]
[EventCountry "USA"]
[SourceTitle "CBM 206 Extra"]
[Source "ChessBase"]
[SourceDate "2022.03.31"]
[SourceVersion "1"]
[SourceVersionDate "2022.03.31"]
[SourceQuality "1"]

1. e4 c5 2. Be2 Nc6 3. f4 g6 4. Nf3 Bg7 5. c3 Nf6 6. d3 0-0 7. 0-0 d6 8. Kh1 Rb8 9. Be3 b5 10. a3 a5 11. Nbd2 b4 12. d4 bxc3 13. bxc3 cxd4 14. cxd4 e5 15. fxe5 dxe5 16. d5 Ng4 17. Bc5 Nd4 18. Nxd4 Ne3 19. Qc1 exd4 20. Bxf8 Qxf8 21. Rg1 d3 22. Bxd3 Ng4 23. Rf1 Qd6 24. Nf3 Bxa1 25. Qxa1 Bd7 26. h3 Ne3 27. Re1 Nxg2 28. Kxg2 Rb3 29. Qd4 Qxa3 30. Be2 Re3 31. Kf2 Rc3 32. e5 Qb2 33. Qd2 Rxf3+ 34. Bxf3 Qxd2+ 35. Re2 Qd4+ 36. Kg2 Bb5 37. Ra2 Qxe5 38. Rxa5 Bd7 39. Ra2 Kg7 40. Re2 Qg5+ 41. Kf2 Qh4+ 42. Ke3 Bxh3 43. Rd2 Qg5+ 44. Ke2 Bf1+ 45. Kd1 Bb5 46. d6 Bd7 47. Be2 h5 48. Ke1 h4 49. Rd3 Qg1+ 50. Kd2 Bf5 51. d7 Qg5+ 52. Kd1 Bxd3 53. Bxd3 Qd8 54. Bxg6 Qxd7+ 0-1

[Event "Titled Tuesday intern op 11th Jan"]
[Site "Chess.com INT"]
[Date "2022.01.11"]
[Round "7"]
[White "Martin Carmona, Gaston Manuel"]
[Black "Punin, Andrii"]
[Result "1/2-1/2"]
[WhiteElo "2362"]
[BlackElo "2289"]
[PlyCount "102"]
[EventDate "2022.01.11"]
[EventType "swiss (blitz)"]
[EventRounds "11"]
[EventCountry "USA"]
[SourceTitle "CBM 206 Extra"]
[Source "ChessBase"]
[SourceDate "2022.03.31"]
[SourceVersion "1"]
[SourceVersionDate "2022.03.31"]
[SourceQuality "1"]

1. c4 e5 2. Nc3 d6 3. e4 Nc6 4. Nf3 g6 5. d4 exd4 6. Nxd4 Bg7 7. Be3 Nge7 8. Qd2 0-0 9. Be2 a6 10. 0-0 f5 11. exf5 Nxf5 12. Nxf5 Bxf5 13. Bg5 Qd7 14. Nd5 Kh8 15. Bh6 Rae8 16. Rfe1 Ne5 17. Bxg7+ Qxg7 18. Rad1 Rf7 19. b3 Ref8 20. f4 Nc6 21. Bf3 Bc8 22. Re3 Ne7 23. Nxe7 Rxe7 24. Rxe7 Qxe7 25. Re1 Qf6 26. Bd5 Kg7 27. g3 h5 28. Qe3 c6 29. Bg2 Bg4 30. h3 Bf5 31. Kh2 h4 32. g4 Bc8 33. Rf1 Bd7 34. Qe1 Re8 35. Qf2 Qc3 36. Qxh4 Re2 37. f5 Qe5+ 38. Kh1 gxf5 39. gxf5 Bxf5 40. Rg1 Bg6 41. Qg4 Kh6 42. Qh4+ Kg7 43. Qg4 Kh6 44. a4 a5 45. Qc8 Rxg2 46. Rxg2 Qe1+ 47. Kh2 Qe5+ 48. Rg3 Qe2+ 49. Rg2 Qe5+ 50. Kh1 Qe1+ 51. Kh2 Qe5+ 1/2-1/2

[Event "Titled Tuesday intern op 11th Jan"]
[Site "Chess.com INT"]
[Date "2022.01.11"]
[Round "6"]
[White "Punin, Andrii"]
[Black "Girya, Olga"]
[Result "0-1"]
[WhiteElo "2289"]
[BlackElo "2405"]
[PlyCount "102"]
[EventDate "2022.01.11"]
[EventType "swiss (blitz)"]
[EventRounds "11"]
[EventCountry "USA"]
[SourceTitle "CBM 206 Extra"]
[Source "ChessBase"]
[SourceDate "2022.03.31"]
[SourceVersion "1"]
[SourceVersionDate "2022.03.31"]
[SourceQuality "1"]

1. e4 c6 2. Nf3 d5 3. Nc3 Bg4 4. h3 Bxf3 5. Qxf3 e6 6. Be2 Bc5 7. 0-0 Ne7 8. Rd1 Bd4 9. exd5 exd5 10. Bf1 0-0 11. Ne2 Bb6 12. d4 Nd7 13. c3 Ng6 14. Nf4 Nxf4 15. Bxf4 Bc7 16. Re1 Bxf4 17. Qxf4 Nf6 18. Bd3 Re8 19. Kf1 Qb6 20. Qd2 Qc7 21. Rxe8+ Rxe8 22. Re1 Qh2 23. Rxe8+ Nxe8 24. Qg5 Kf8 25. Ke2 h6 26. Qg4 Qd6 27. Qf3 Qe6+ 28. Qe3 Ke7 29. Kd2 Nd6 30. Qf3 f5 31. Qg3 g5 32. f4 Qf6 33. Qe3+ Ne4+ 34. Bxe4 fxe4 35. g3 gxf4 36. gxf4 Qg6 37. Kc2 Qg2+ 38. Kc1 Kf6 39. a4 Kf5 40. Kb1 Qf3 41. Qe1 Qxf4 42. Ka2 e3 43. Qe2 Kg5 44. Qg2+ Kh4 45. a5 Qg3 46. Qf1 Qf2 47. Qc1 e2 48. Qxh6+ Kg3 49. Qg5+ Kh2 50. Qe5+ Kg1 51. Qg5+ Kf1 0-1

[Event "Titled Tuesday intern op 11th Jan"]
[Site "Chess.com INT"]
[Date "2022.01.11"]
[Round "8"]
[White "Punin, Andrii"]
[Black "Osmak, Iulija"]
[Result "1-0"]
[WhiteElo "2289"]
[BlackElo "2432"]
[PlyCount "99"]
[EventDate "2022.01.11"]
[EventType "swiss (blitz)"]
[EventRounds "11"]
[EventCountry "USA"]
[SourceTitle "CBM 206 Extra"]
[Source "ChessBase"]
[SourceDate "2022.03.31"]
[SourceVersion "1"]
[SourceVersionDate "2022.03.31"]
[SourceQuality "1"]

1. e4 c6 2. Nf3 d5 3. Nc3 Bg4 4. h3 Bxf3 5. Qxf3 e6 6. Be2 Nf6 7. 0-0 Be7 8. Rd1 d4 9. Nb1 0-0 10. Bc4 b5 11. Bf1 e5 12. a4 Qb6 13. b3 Nbd7 14. d3 a6 15. Qe2 c5 16. Nd2 Bd6 17. Bb2 Qb7 18. Qe1 Nb6 19. axb5 axb5 20. Rxa8 Rxa8 21. Ra1 h6 22. Qb1 Rxa1 23. Qxa1 c4 24. dxc4 bxc4 25. Nxc4 Nxc4 26. Bxc4 Qxe4 27. Qd1 Bb4 28. Bc1 Bc3 29. Bf1 Qg6 30. f3 e4 31. fxe4 Qxe4 32. Bd3 Qe5 33. Qf1 Nd5 34. Bc4 Kf8 35. Ba3+ Kg8 36. Bc1 Kf8 37. Qf3 Nf6 38. Qa8+ Qe8 39. Ba3+ Kg8 40. Qxe8+ Nxe8 41. Kf2 Nc7 42. Kf3 g5 43. g4 Kg7 44. Bd6 Ne8 45. Bg3 Kf6 46. Ke4 Ke7 47. Be5 Nd6+ 48. Bxd6+ Kxd6 49. Bxf7 Kc5 50. Kf5 1-0

[Event "Titled Tuesday intern op 11th Jan"]
[Site "Chess.com INT"]
[Date "2022.01.11"]
[Round "9"]
[White "Sadykov, Ramil"]
[Black "Punin, Andrii"]
[Result "1/2-1/2"]
[WhiteElo "2345"]
[BlackElo "2289"]
[PlyCount "214"]
[EventDate "2022.01.11"]
[EventType "swiss (blitz)"]
[EventRounds "11"]
[EventCountry "USA"]
[SourceTitle "CBM 206 Extra"]
[Source "ChessBase"]
[SourceDate "2022.03.31"]
[SourceVersion "1"]
[SourceVersionDate "2022.03.31"]
[SourceQuality "1"]

1. e4 c6 2. d4 d5 3. Nc3 dxe4 4. Nxe4 Bf5 5. Ng3 Bg6 6. h4 h6 7. N1e2 Nf6 8. Nf4 Bh7 9. Bc4 e6 10. 0-0 Bd6 11. Re1 0-0 12. c3 Re8 13. Nfh5 Nbd7 14. Nxf6+ Nxf6 15. Qf3 Rc8 16. Bb3 Nd5 17. Qg4 Nf6 18. Qf3 Bb8 19. Bd2 Bg6 20. Rad1 Rc7 21. h5 Bh7 22. Bf4 Rd7 23. Be5 Qe7 24. Re2 Red8 25. Rde1 Bxe5 26. Rxe5 Nd5 27. Ne4 Bxe4 28. R1xe4 Nf6 29. Re2 Qd6 30. Rxe6 fxe6 31. Rxe6 Qxe6 32. Bxe6+ Kf8 33. Bxd7 Rxd7 34. Qf5 a6 35. c4 Ke7 36. Qe5+ Kf7 37. f3 Re7 38. Qf5 Rd7 39. Qc5 Re7 40. Kf2 Rd7 41. g4 Ke8 42. Qe5+ Re7 43. Qb8+ Kf7 44. a4 Rd7 45. Qe5 Re7 46. Qf5 Rd7 47. Qc5 Re7 48. b4 Rd7 49. a5 Re7 50. d5 cxd5 51. cxd5 Rd7 52. d6 Ke6 53. Qb6 Ne8 54. f4 Nxd6 55. Qe3+ Kf7 56. Qd3 Ke7 57. Qd4 Ne8 58. Qe5+ Kf7 59. g5 hxg5 60. fxg5 Re7 61. Qd5+ Kf8 62. Kg3 Rf7 63. Qc5+ Kg8 64. Qd5 Kf8 65. h6 gxh6 66. gxh6 Re7 67. Qc5 Nf6 68. Kf3 Kf7 69. Qf5 Re6 70. Qc5 Re7 71. Qg5 Ke6 72. Qg6 Rf7 73. Ke2 Ke7 74. Kd1 Nd7 75. Qe4+ Kf6 76. h7 Kg7 77. Qh4 Kh8 78. Qd8+ Kxh7 79. Kc2 Kg7 80. Qg5+ Kf8 81. Qd5 Nf6 82. Qd8+ Kg7 83. Kb3 Rd7 84. Qc8 Kf7 85. Qc4+ Ke7 86. Ka4 Nd5 87. Qc5+ Kd8 88. Qf8+ Kc7 89. Qe8 Nc3+ 90. Kb3 Nb5 91. Qe5+ Rd6 92. Qc5+ Rc6 93. Qe7+ Kb8 94. Kb2 Ka7 95. Qe3+ Ka8 96. Qf4 Ka7 97. Qf8 Rc3 98. Qf2+ Ka8 99. Qf5 Rc6 100. Qe5 Ka7 101. Kb3 Ka8 102. Qe3 Kb8 103. Kb2 Ka8 104. Qf4 Ka7 105. Qf8 Rc7 106. Qf2+ Ka8 107. Qe3 Rc6 1/2-1/2

[Event "Titled Tuesday intern op 28th Dec"]
[Site "Chess.com INT"]
[Date "2021.12.28"]
[Round "2"]
[White "Punin, Andrii"]
[Black "Pranav, V."]
[Result "0-1"]
[WhiteElo "2289"]
[BlackElo "2486"]
[PlyCount "88"]
[EventDate "2021.12.28"]
[EventType "swiss (blitz)"]
[EventRounds "11"]
[EventCountry "USA"]
[SourceTitle "CBM 206 Extra"]
[Source "ChessBase"]
[SourceDate "2022.03.31"]
[SourceVersion "1"]
[SourceVersionDate "2022.03.31"]
[SourceQuality "1"]

1. e4 e5 2. Nf3 Nc6 3. Nc3 Nf6 4. d4 exd4 5. Nxd4 Bb4 6. Nxc6 bxc6 7. Bd3 d6 8. 0-0 Ng4 9. Bf4 0-0 10. a3 Bc5 11. Na4 Bd4 12. c3 Be5 13. Bxe5 Nxe5 14. h3 c5 15. c4 Rb8 16. Rb1 Re8 17. b4 cxb4 18. axb4 Qf6 19. f4 Ng6 20. Qd2 Qd4+ 21. Rf2 c6 22. Qc3 Qe3 23. Re1 Qg3 24. Rf3 Qh4 25. Qd2 Qd8 26. Bf1 Qc7 27. Kh1 Bb7 28. b5 cxb5 29. cxb5 Rxe4 30. Rxe4 Bxe4 31. Re3 d5 32. Rc3 Qe7 33. Nc5 h6 34. Na6 Re8 35. Rc7 Qh4 36. Kh2 Qf6 37. Rxa7 Nxf4 38. Nc7 Rb8 39. Ra8 Rxa8 40. Nxa8 Nh5 41. b6 d4 42. b7 Bxb7 43. Qa5 Qxf1 44. Qxh5 Qxg2# 0-1

[Event "Titled Tuesday intern op 28th Dec"]
[Site "Chess.com INT"]
[Date "2021.12.28"]
[Round "5"]
[White "Sliwicki, Damian"]
[Black "Punin, Andrii"]
[Result "0-1"]
[WhiteElo "2168"]
[BlackElo "2289"]
[PlyCount "60"]
[EventDate "2021.12.28"]
[EventType "swiss (blitz)"]
[EventRounds "11"]
[EventCountry "USA"]
[SourceTitle "CBM 206 Extra"]
[Source "ChessBase"]
[SourceDate "2022.03.31"]
[SourceVersion "1"]
[SourceVersionDate "2022.03.31"]
[SourceQuality "1"]

1. e4 c6 2. Nf3 d5 3. Nc3 dxe4 4. Nxe4 Nf6 5. Qe2 Nxe4 6. Qxe4 Qa5 7. Bc4 Bf5 8. Qf4 e6 9. 0-0 Be7 10. Nd4 Bg6 11. Bxe6 fxe6 12. Nxe6 Kd7 13. Re1 Na6 14. b4 Qf5 15. Qd4+ Qd5 16. Qxg7 Rhg8 17. Nf8+ Raxf8 18. Qxe7+ Kc8 19. Bb2 Re8 20. Qh4 Be4 21. g3 Qf5 22. Re3 Bd5 23. Rae1 Nc7 24. c4 Bf3 25. Be5 Ne6 26. Bd6 Rg4 27. Qh6 Rg6 28. Qh4 Kd7 29. c5 h5 30. Re5 Qg4 0-1

[Event "Titled Tuesday intern op 21st Dec"]
[Site "Chess.com INT"]
[Date "2021.12.21"]
[Round "3"]
[White "Przybylski, Wojciech"]
[Black "Punin, Andrii"]
[Result "0-1"]
[WhiteElo "2321"]
[BlackElo "2289"]
[PlyCount "118"]
[EventDate "2021.12.21"]
[EventType "swiss (blitz)"]
[EventRounds "11"]
[EventCountry "USA"]
[SourceTitle "CBM 205 Extra"]
[Source "ChessBase"]
[SourceDate "2022.01.31"]
[SourceVersion "1"]
[SourceVersionDate "2022.01.31"]
[SourceQuality "1"]

1. e4 c6 2. Nc3 d5 3. Nf3 dxe4 4. Nxe4 Nf6 5. Nxf6+ exf6 6. g3 Bd6 7. Bg2 Qe7+ 8. Qe2 Qxe2+ 9. Kxe2 0-0 10. Re1 Re8+ 11. Kf1 Rxe1+ 12. Nxe1 Na6 13. d4 Bf5 14. c3 Re8 15. Be3 Nc7 16. a4 h5 17. a5 a6 18. h3 g5 19. Rd1 Kg7 20. Nd3 Be4 21. Bxe4 Rxe4 22. Nc5 Bxc5 23. dxc5 Nd5 24. Bd4 Kg6 25. c4 Nc7 26. b3 Re7 27. Be3 Ne6 28. Rd6 Kf5 29. Ke2 g4 30. hxg4+ hxg4 31. Kd2 Ke4 32. b4 f5 33. Kc3 Kf3 34. b5 Rc7 35. Kb4 f4 36. gxf4 g3 37. fxg3 Kxe3 38. f5 Nf8 39. Rd8 Nh7 40. g4 Kf4 41. Rd6 Kg5 42. Rd8 Nf6 43. Ra8 cxb5 44. cxb5 axb5 45. Kxb5 Kxg4 46. Ra7 Kxf5 47. Kb6 Nd5+ 48. Kb5 Ke5 49. Ra8 f5 50. Re8+ Re7 51. Rxe7+ Nxe7 52. Kb6 Kd5 53. Kxb7 Kxc5 54. a6 Nc6 55. Ka8 f4 56. Kb7 f3 57. Ka8 f2 58. Kb7 f1Q 59. Ka8 Qxa6# 0-1

[Event "Titled Tuesday intern op 14th Dec"]
[Site "Chess.com INT"]
[Date "2021.12.14"]
[Round "1"]
[White "Karavaeva, Olga"]
[Black "Punin, Andrii"]
[Result "0-1"]
[WhiteElo "2260"]
[BlackElo "2289"]
[PlyCount "108"]
[EventDate "2021.12.14"]
[EventType "swiss (blitz)"]
[EventRounds "11"]
[EventCountry "USA"]
[SourceTitle "EXT 2023"]
[Source "ChessBase"]
[SourceDate "2022.10.05"]
[SourceVersion "1"]
[SourceVersionDate "2022.10.05"]
[SourceQuality "1"]

1. c4 e5 2. Nc3 d6 3. g3 Be7 4. Bg2 f5 5. b3 Nf6 6. Bb2 0-0 7. e3 c6 8. Nge2 Na6 9. d4 e4 10. d5 Nc5 11. 0-0 Nd3 12. Ba3 Qa5 13. Bc1 cxd5 14. cxd5 Nxd5 15. Nxd5 Qxd5 16. Nf4 Nxf4 17. gxf4 Qxd1 18. Rxd1 Be6 19. Ba3 Rfd8 20. Rac1 Rac8 21. Bf1 Kf7 22. Be2 d5 23. Bxe7 Kxe7 24. Rxc8 Rxc8 25. Rd2 a5 26. f3 b6 27. Kf2 Rc1 28. Bf1 g6 29. Be2 Kd6 30. Bd1 Kc5 31. a3 b5 32. Rc2+ Rxc2+ 33. Bxc2 b4 34. a4 exf3 35. Kxf3 d4 36. Ke2 Bd5 37. Bd1 Be4 38. Kd2 h6 39. h4 Bg2 40. h5 gxh5 41. Bxh5 Be4 42. Bg6 dxe3+ 43. Kxe3 Bd5 44. Bxf5 Bxb3 45. Bd7 Bf7 46. Kd3 h5 47. f5 Kd6 48. Bc8 Ke5 49. Ke3 h4 50. Kf3 b3 51. Ba6 Kxf5 52. Bd3+ Kg5 53. Bb1 b2 54. Kf2 Bg6 0-1